000 00724nam a2200253Ia 4500
003 OSt
005 20220918212013.0
006 a|||||r|||| 00| 0
007 ta
008 220917b |||||||| |||| 00| 0 eng d
024 _a126,656
037 _cTextual
040 _aARTS
_cARTS
_beng
041 _2eng
_aeng
082 _aW:5xM06, L5
100 _aMill John Stuart
245 0 _aThree essays on liberty
_b Representative government the subjection of women
260 _aLondon
_bOxford University Press
_c1975
300 _axxv, 550p.
_ccm.
500 _aBibliography p549-550
650 _aPOLITICAL SCIENCE
942 _hW:5xM06, L5
_cTEXL
_2CC
999 _c249798
_d249798